| 000 | 00743nam a2200229 i 4500 | ||
|---|---|---|---|
| 001 | 147984 | ||
| 003 | ES-MaACL | ||
| 005 | 20230906202352.0 | ||
| 007 | t| | ||
| 008 | 070214s1955 sp r ||||1| spa d | ||
| 100 | 1 |
_aSpitzer, Leo. _9107772 |
|
| 245 | 1 | 0 |
_aLingüística e historia literaria / _cLeo Spitzer ; traducción de Raimundo Lida, José Pérez Riesco. |
| 260 |
_aMadrid : _bGredos, _c1955. |
||
| 300 |
_a362 p. ; _c20 cm. |
||
| 490 | 1 | _aBiblioteca románica hispánica | |
| 650 |
_aLiteratura- _xHistoria y crítica. _914489 |
||
| 700 | 1 |
_aLida, Raimundo. _972209 |
|
| 700 | 1 |
_aPérez Riesco, José. _991107 |
|
| 830 | 0 |
_aBiblioteca románica hispánica _9180746 |
|
| 852 |
_aES-MaACL _jC-9821 _bR.37753 |
||
| 999 |
_c147984 _d147984 |
||